00410nam a22001577a 4500003000400000005001700004008004100021020001800062040000900080082002000089100001800109245002200127260002900149300000700178650006700185OSt20221229114327.0221229b |||||||| |||| 00| 0 eng d a81-264-0548-1 cSBCL a894.8121bVIJ-A aVijayalakshmi aAnthyapralobhanam aKottayambDC Booksc2002 a41 2Literature & rhetoricaAltaic, Uralic, Hyperborean & Dravidian